Derecho público romano y recepción del derecho romano en Europa
Bewaard in:
| Hoofdauteur: | |
|---|---|
| Formaat: | Boek |
| Taal: | Spaans |
| Gepubliceerd in: |
Madrid
Civitas
2000
|
| Editie: | 5a. ed |
| Reeks: | Tratados y Manuales
|
| Onderwerpen: | |
| Tags: |
Voeg label toe
Geen labels, Wees de eerste die dit record labelt!
|
MARC
| LEADER | 00000nam a2200000 a 4500 | ||
|---|---|---|---|
| 001 | UCJ1891 | ||
| 003 | CL-VaPUC | ||
| 008 | 061117e20000000SP |||||||||||||||||spa|d | ||
| 020 | |a 8447014886 | ||
| 082 | 0 | 4 | |a 340.54 |b FER |2 21 |
| 100 | 0 | |a Fernández de Buján y Fernández, Antonio |e author |9 502672 | |
| 245 | 1 | 0 | |a Derecho público romano y recepción del derecho romano en Europa |
| 250 | |a 5a. ed | ||
| 300 | |a 318 p | ||
| 942 | |c BK | ||
| 945 | |d 20061117 00:00:00 |a jtorresc | ||
| 260 | |a Madrid |b Civitas |c 2000 | ||
| 650 | 0 | |a Derecho romano |9 255930 | |
| 650 | 0 | |a Derecho público |9 255910 | |
| 650 | 0 | |a Fuentes del derecho |9 255162 | |
| 583 | |a last modification |c 20061117 00:00:00 |k Rodrigo Vera | ||
| 490 | 0 | |a Tratados y Manuales | |
| 999 | |c 318323 |d 318321 | ||
| 952 | |0 0 |1 0 |4 0 |6 340_540000000000000_FER_2000 |7 0 |8 A |9 396074 |a BIBDER |b BIBDER |d 2019-11-22 |i 4296559 |o 340.54 FER 2000 |p 4296559 |r 2023-01-25 |w 2019-11-22 |y BK |k DER | ||